00325nam a2200109Ia 4500008004100000082000800041100001800049245002900067942000600096952009800102999001500200240331s9999 xx 000 0 und d bJay aJayawardena,K 0aSokkan lokkan wuu wagayi cL 001040708LaWERCLbWERCLcSSCd2024-03-31l0o 954.93 Jayp4099r2024-03-31w2024-03-31yL c5061d5061